000 00825nam2a2200253 4500
001 RU\NLR\bibl\1409195
005 20250615210807.0
010 _a978-5-699-35269-2
_915100
021 _aRU
_b2009-2395и
_9147и
035 _a(NLR Aleph) 001401186
090 _a1223454
_c1223454
100 _a20090908d2009 |||y0rusy50 ca
101 1 _arus
_cund
102 _aRU
105 _aa |||||||||
200 1 _aВоспоминания под дождем
210 _d2009
_aБ. м.
215 _a189 с.
_cил.
461 0 _1001RU\NLR\bibl\1414244
_12001#$aBleach$v3, кн. 3
_91253648
_cМосква
_d2008
_fТитэ Кубо [текст и рис.
_nЭксмо
_o[манга-сериал]
_tBleach
_v3, кн. 3
801 0 _aRU
_bNLR
_c20090908
_gRCR
801 1 _aRU
_bNLR
_c20090908
942 _cBOOK
980 _aNB